عرض عادي
عرض مارك
- Leon-Garcia, Alberto.
مدخل إسم شخص
001 - رقم الضبط
- حقل الضبط: 5605
003 - معرف رقم الضبط
- حقل الضبط: OSt
005 - تاريخ ووقت أخر عملية
- حقل الضبط: 20111026170952.0
008 - عناصر بيانات ثابتة الطول
- حقل تحكم ثابت الطول: 111026|||a|||||| | ||| d
040 ## - مصدر الفهرسة
- هيئة الفهرسة الأصلية: OSt
- وكالة الكتابة: OSt
100 ## - مدخل -- أسم شخص
- إسم شخص: Leon-Garcia, Alberto.
670 ## - بيانات المصدر موجوده
- الاستشهاد بالمصدر: Work cat.: (OSt)557: Leon-Garcia, Alberto., Communication networks :, 2004.
